| 000 | 00639cam a2200217 a 4500 | ||
|---|---|---|---|
| 001 | 1371608 | ||
| 005 | 20171221035023.0 | ||
| 008 | 811204s1982 nyu b 001 0 eng | ||
| 010 | _a 81021134 | ||
| 020 |
_a0030595894 : _c$21.95 |
||
| 040 |
_aDLC _cDLC _dDLC |
||
| 041 | _aeng | ||
| 080 | _a338.0409 HEB | ||
| 082 | 0 | 0 |
_a338.0409 HEB _219 |
| 100 | 1 | _a53 | |
| 101 | _aMEN | ||
| 245 | 1 | 4 |
_aThe entrepreneur : _cRobert F. Hébert, Albert N. Link ; foreword by G.L.S. Shackle. |
| 504 | _aBibliography: p. 117-125. | ||
| 906 |
_a7 _bcbc _corignew _d1 _eocip _f19 _gy-gencatlg |
||
| 942 |
_2ddc _cBK |
||
| 999 |
_c39259 _d39259 |
||